| 000 | 00513nam a2200169 4500 | ||
|---|---|---|---|
| 001 | 143258 | ||
| 003 | ES-MaACL | ||
| 005 | 20250726063035.0 | ||
| 007 | t| | ||
| 008 | 070214s1935 sp r ||||1| spa d | ||
| 100 | 1 |
_aSemprún y Gurrea, José María, _d1893-1966 _9105424 |
|
| 245 | 1 | 0 |
_aMaya _b: o El mágico prodigioso / _cJosé María Semprún y Gurrea. |
| 260 |
_aMadrid : _b[s.n.], _c1935 ( _fImp. Radio) |
||
| 300 |
_a60 p. ; _c24 cm. |
||
| 852 |
_aES-MaACL _j1801-F-11 |
||
| 999 |
_c143258 _d143258 |
||